Daydreamin' (Ariana Grande) - lyrics - Statistics

General Stats
  • This quiz has been taken 42 times
  • The average score is 245 of 282
Answer Stats
Answer % Correct
A
100%
I
100%
in
97%
my
97%
You
97%
you
97%
you,
97%
daydreamin'
93%
Got
93%
me
93%
the
93%
The
93%
To
93%
to
93%
About
90%
I'm
90%
It's
90%
never
90%
of
90%
only
90%
so
90%
So
90%
with
90%
and
87%
And
87%
feel
87%
for
87%
For
87%
hands
87%
palm
87%
walk
87%
your
87%
eyes
83%
inside
83%
make
83%
man
83%
much
83%
seen
83%
talk
83%
walked
83%
way
83%
dont
80%
I've
80%
love
80%
oh
80%
Oh
80%
wait
80%
attention
77%
Caught
77%
smile
77%
tonight
77%
wanna
77%
all
73%
chin
73%
know
73%
have
70%
made
70%
want
70%
was
70%
arms
67%
cant
67%
hold
67%
need
67%
dimension
63%
Now
63%
charm
60%
before
53%
Like
53%
But
20%
loved
20%
No matching quizzes found
Score Distribution
Percent of People with Each Score
Percentile by Number Answered
Your Score History
You have not taken this quiz